Stredná Ázia a hlavné faktory podmienenej stability regiónu
Situácia v strednej Ázii. Ťažkosti vývoja Afganistanu a problematika drog. Etnické zloženie. Islamský extrémizmus. Vládne elity a autoritárstvo. Problémy Ferganskej kotliny. Niektoré ďalšie problémy regiónu strednej Ázie.
Gespeichert in:
| 1. Verfasser: | |
|---|---|
| Format: | Buchkapitel |
| Sprache: | Slowakisch |
| Schlagworte: | |
| Tags: |
Keine Tags, Fügen Sie das erste Tag hinzu!
|
MARC
| LEADER | 00000naa$a2200000$$$4500 | ||
|---|---|---|---|
| 001 | 0132611 | ||
| 005 | 20240502072512.7 | ||
| 041 | 0 | |a slo | |
| 044 | |a SK | ||
| 245 | 1 | 0 | |a Stredná Ázia a hlavné faktory podmienenej stability regiónu |c Ľubomír Čech |
| 520 | |a Situácia v strednej Ázii. Ťažkosti vývoja Afganistanu a problematika drog. Etnické zloženie. Islamský extrémizmus. Vládne elity a autoritárstvo. Problémy Ferganskej kotliny. Niektoré ďalšie problémy regiónu strednej Ázie. | ||
| 610 | 2 | 0 | |a politika medzinárodná |
| 610 | 2 | 0 | |a drogy |
| 610 | 2 | 0 | |a národnosti |
| 610 | 2 | 0 | |a islam |
| 610 | 2 | 0 | |a extrémizmus |
| 610 | 2 | 0 | |a stredná Ázia |
| 610 | 2 | 0 | |a Afganistan |
| 100 | 1 | |a Čech, Ľubomír, 1955- | |